Dupont Analysis of Companies in the Slovak Republic Engineering Industry
Analýza zmien návratnosti vlastného imania (ROE) spôsobená jeho zložkami podľa rovnice DuPont. ROE bola skúmaná v strojárskom priemysle na Slovensku, keďže tu má silné historické pozadie, stabilnú pozíciu a je rastúcim a kľúčovým pilierom slovenského priemyslu.
Salvato in:
| Autore principale: | |
|---|---|
| Altri autori: | |
| Natura: | Capitolo di libro |
| Lingua: | inglese |
| Soggetti: | |
| Tags: |
Nessun Tag, puoi essere il primo ad aggiungerne!!
|
MARC
| LEADER | 00000naa$a2200000$$$4500 | ||
|---|---|---|---|
| 001 | 0248047 | ||
| 005 | 20250902131350.7 | ||
| 041 | 0 | |a eng | |
| 044 | |a AT | ||
| 245 | 1 | 0 | |a Dupont Analysis of Companies in the Slovak Republic Engineering Industry |c Denisa Oriskóová, Renáta Pakšiová |
| 520 | |a Analýza zmien návratnosti vlastného imania (ROE) spôsobená jeho zložkami podľa rovnice DuPont. ROE bola skúmaná v strojárskom priemysle na Slovensku, keďže tu má silné historické pozadie, stabilnú pozíciu a je rastúcim a kľúčovým pilierom slovenského priemyslu. | ||
| 610 | 2 | 0 | |a kapitál |
| 610 | 2 | 0 | |a kapitál vlastný |
| 610 | 2 | 0 | |a návratnosť investícií |
| 610 | 2 | 0 | |a rentabilita |
| 610 | 2 | 0 | |a analýza finančná |
| 610 | 2 | 0 | |a priemysel strojársky |
| 610 | 2 | 0 | |a priemysel |
| 100 | 1 | |a Oriskóová, Denisa | |
| 700 | 1 | |a Pakšiová, Renáta, 1974- | |